पद्मा चली अंतरिक्ष में / (Record no. 62730)

MARC details
000 -LEADER
fixed length control field 01067nam a22001937a 4500
005 - DATE AND TIME OF LATEST TRANSACTION
control field 20120214124731.0
020 ## - INTERNATIONAL STANDARD BOOK NUMBER
International Standard Book Number 9789350460252
Terms of availability 120.00
082 ## - DEWEY DECIMAL CLASSIFICATION NUMBER
Classification number
100 ## - MAIN ENTRY--PERSONAL NAME
Personal name श्वेता प्रकाश
245 ## - TITLE STATEMENT
Title पद्मा चली अंतरिक्ष में /
Statement of responsibility, etc श्वेता प्रकाश;श्रेया सेन द्वारा चित्रांकित;सुषमा द्वारा अनुदित
260 ## - PUBLICATION, DISTRIBUTION, ETC. (IMPRINT)
Place of publication, distribution, etc चैन्नेई
Name of publisher, distributor, etc तूलिका पब्लिशिंग
Date of publication, distribution, etc 2011
270 ## - ADDRESS
Address 13 पृथ्वी ऐवन्यु, अभिरमपुरम
City चैन्नेई
Postal code 600018
300 ## - PHYSICAL DESCRIPTION
Extent अ.पृ.
Other physical details सचित्र
Dimensions 22सेमी (अजिल्द)
700 ## - ADDED ENTRY--PERSONAL NAME
9 (RLIN) 41870
Personal name सेन, श्रेया
700 ## - ADDED ENTRY--PERSONAL NAME
9 (RLIN) 41871
Personal name सुषमा
700 ## - ADDED ENTRY--PERSONAL NAME
9 (RLIN) 41872
942 ## - ADDED ENTRY ELEMENTS (KOHA)
Source of classification or shelving scheme Dewey Decimal Classification
Item type Children Books
Classification part
Call number suffix श्वेताप्र
Holdings
Withdrawn status Lost status Not for loan Home library Current library Date acquired Cost, normal purchase price Full call number Cost, replacement price Koha item type
    Ordered Andrews Gunj Andrews Gunj 14/02/2012 120.00 क श्वेताप्र 120.00 Children Books

© Delhi Public Library
Hit Counter
free hit counter